[Event "EU-Cup 22nd"]
[Site "Fuegen"]
[Date "2006.10.10"]
[Round "3"]
[White "Moiseenko, Alexander"]
[Black "Dvoirys, Semen I"]
[Result "1-0"]
[WhiteElo "2632"]
[BlackElo "2553"]
[EventDate "2006.10.08"]
[Annotator "Krasenkow"]
[PlyCount "47"]
[EventType "team"]
[EventRounds "7"]
[EventCountry "AUT"]
[Source "ChessBase"]
[SourceDate "2006.11.15"]

1. d4 Nf6 2. c4 g6 3. Nc3 d5 4. Bg5 Ne4 5. Bh4 Nxc3 6. bxc3 dxc4 7. e3 Qd5
{About this line - see CBM 112, annotations to Gustafsson-Braun.} 8. Be2 
Qa5 9. Nf3! N {An important novelty. White sacrifices the c3 pawn to 
quickly develop his pieces and create an attack.} ( 9. Qc1 Be6 10. Nf3 Nd7
11. O-O Nb6 12. e4 f6 13. a4 Nxa4 14. Bd1 b5 15. Nd2 Bh6 16. Bxa4 bxa4 17.
 f4!? {0-1 Gostisa,L-Kozul,Z/Portoroz 1994/TD (35)} ) 9. ... Qxc3+ 10. Nd2
c6?! {Black's plan (...Qc3-a5-d8, ...Bf8-g7 and ...0-0) is too slow; 
besides, White easily prevents it. However, it's not so easy to give 
advice.} ( {Perhaps} 10. ... Bf5!? 11. Rc1 ( 11. O-O Qc2!? ) 11. ... Qa5 
12. Bxc4 Nc6 13. Qb3 O-O-O ) 11. O-O Qa5 12. Nxc4 Qd8 13. Qb3 Bg7 D {What 
matters most here? The players disagree: Black would like to think it's
his extra pawn. White prefers to believe it's his lead in development.
But development comes with an expiration date. If White doesn't convert it
to another asset, Black will catch up. Then the extra pawn will count 
more.
White played} 14. Qa3 Bf8 {This picturesque position is not from an 
Anderssen or Morphy game! But neither Anderssen nor Morphy could convert 
his advantage better:

But in the game White had a different idea, exploiting a newly vulnerable
Black piece.
Which piece? Well, just look for one that became unprotected as a result 
of
1 . .. ..Bf8.
That's right, it's the rook at h8. Once you see that, it becomes easier to
spot
ways to attack it, with} ( 14. ... b5 15. Na5 ( 15. Nb6? b4! ) 15. ... Qd6
16. Qxd6 exd6 ) ( 14. ... O-O? 15. Bxe7 ) ( {The tactics become easier to 
spot when you realize that the rook at a8 as well
as the king are vulnerable. For example, after} 14. ... f6 15. Rab1! Nd7 )
15. d5! ( 15. Bf3 ) ( 15. Rab1 ) ( 15. Rfb1 ) ( 15. Rfc1! b5 16. Na5 e6 
17. Qxf8+ Rxf8 18. Bxd8 Kxd8 19. Bf3 +/- ) 15. ... cxd5? ( 15. ... f6 16. 
Rab1 b5 17. Na5 cxd5 18. Bxb5+ Kf7 19. Rfc1 +- ) ( 15. ... Qxd5 16. Nb6 ) 
16. Qc3! f6?! ( 16. ... d4 17. exd4 Na6 18. d5 f6 ) 17. Nd6+! Qxd6 ( 
17. ... exd6 18. Bxf6 ) 18. Qxc8+ Kf7 19. Bb5! Bg7 20. Qxb7 Rd8 21. Qxa8 
Qb4 22. Rab1 Qxh4 23. Be2 f5 24. g3 1-0

[Event "Capablanca Memorial Elite 36th"]
[Site "Havana CUB"]
[Date "2001.05.18"]
[Round "12"]
[White "Abreu Delgado, Aryam"]
[Black "Nataf, Igor-Alexandre"]
[Result "1/2-1/2"]
[WhiteElo "2480"]
[BlackElo "2552"]
[EventDate "2001.05.05"]
[PlyCount "109"]
[EventType "tourn"]
[EventRounds "12"]
[EventCountry "CUB"]
[EventCategory "13"]
[Source "ChessBase"]
[SourceDate "2001.09.13"]
[WhiteTeamCountry "UKR"]
[BlackTeamCountry "POL"]

1. e4 {page 33
} 1. ... c5 2. Nf3 Nc6 3. d4 cxd4 4. Nxd4 e5 5. Nb5 d6 6. N1c3 a6 7. Na3 
b5 8. Nd5 Nce7 9. c4 Nxd5 10. exd5 bxc4 11. Nxc4 Nf6 12. Be3 Rb8 13. a4 
Ng4 14. Bd2 Qf6 15. f3 Nh6 16. Bd3 Qh4+ 17. g3 Qd4 18. Be3 Qxd5 19. O-O 
Bf5 20. Be2 Qxd1 21. Rfxd1 Be6 22. Nxd6+ Bxd6 23. Rxd6 Nf5 24. Rb6 O-O 25.
 Bc5 Nd4 26. Bxd4 exd4 27. a5 Rxb6 28. axb6 Rb8 29. Rxa6 g6 30. Bd3 Kg7 
31. Be4 d3 32. b7 Bf5 33. Bxf5 gxf5 34. Rb6 d2 35. Rd6 Rxb7 36. Rxd2 D {
White has a basic winning plan of bringing his king to the queenside, say 
to
c3, and pushing the b-pawn. A king and passed pawn generally can outmuscle
a
lone rook. It's as simple as two against one.
A master would see that Black can stop that plan with 1 . . . Re7. But he 
would
also realize that cutting off the king that way allows White to win with 2
Kf2
and 3 b4! , followed by 4 Rb2, 5 b5 and so on.
Black's only chance of survival is to create a kingside target for his 
king. If
he can pick off a pawn there and create his own passed pawn, Black may 
draw.
A typical way to start is 1 . . . Rb4 and 2 . . . f4. But White can 
anticipate that
with 2 f4! .
For example, after 2 . . . h5 3 Kf2 Kg6 4 Ke3 h4! White could just keep 
going
to the queenside, 5 Kd3 ! hxg3 6 hxg3 .
Black is slow in exploiting the target, and 6 . . . .Rb3+ 7 Kc4 .Rxg3 8 b4
turns
out to be a win for White. No better is 6 . . . Kh5 7 Kc3 Rb8 8 b4 Kg4 9 
Rd3 ! .
So let's go back to the diagram and see i f we can speed up B lack's
counterplay. The right way is} 36. ... f4! ( 36. ... Re7 37. Kf2 Rb7 ) ( 
36. ... Rb4 37. f4 h5 38. Kf2 Kg6 39. Ke3 h4! 40. Kd3! hxg3 41. hxg3 Rb3+ 
42. Kc4 Rxg3 43. b4 +- ) 37. gxf4 Kf6 38. Kf2 Kf5 39. Kg3 Rb6! {Black's
rook is perfectly placed. It can check at g6 or b3, depending on 
circumstances. This was evident after} 40. Rc2 Rg6+ 41. Kf2 Rb6! 42. h3 ( 
{There is no win in} 42. Ke3 Rb3+! ) ( 42. Kg3 Rg6+! ) 42. ... Rb3! {There
were no
other tricks and a draw was reached soon after} ( 42. ... Kxf4? 43. Rc4+ 
Ke5 44. b4! {allows him to bring his king to the queenside and win.} ) 43.
 Kg3 Rb6 44. h4 h5 45. Rc8 Rg6+ 46. Kf2 Rb6 47. Rc2 Rb3 48. Kg3 Rb6 49. 
Rc5+ Kg6 50. Rg5+ Kh6 51. f5 Rxb2 52. Kf4 Rb4+ 53. Kg3 Rb3 54. Kf4 Rb4+ 
55. Kg3 {How do you acquire the habits of a master? Some master traits may
be
unattainable. Many masters simply concentrate better than non-masters. 
Bobby
Fischer was not the only GM who boasted of how "beautiful" he thought.
But most good habits of masters can be learned. For example, you can train
yourself to 'always look for targets' by clicking through games slowly and
making a note, mental or written, every time a newly visible target 
appears.
Positional, rather than tactical, games are more suitable for this. And 
master
games tend to be better study material because too often in amateur games,
play
becomes chaotic and there are simply too many targets. When you click 
through
a game, or play it over on a board, look at it from White's point of view.
When
you're done, replay it from Black's perspective. Regardless of who won, 
you
should be able to make target searching part of your chess routine.} 
1/2-1/2

[Event "Dhaka New White Plus Open"]
[Site "Dhaka BAN"]
[Date "2002.04.05"]
[Round "7"]
[White "Goloshchapov, Alexander"]
[Black "Mishra, Neeraj-Kumar"]
[Result "1-0"]
[WhiteElo "2545"]
[BlackElo "2321"]
[EventDate "2002.03.30"]
[PlyCount "77"]
[EventType "swiss"]
[EventRounds "11"]
[EventCountry "BAN"]
[Source "ChessBase"]
[SourceDate "2002.05.03"]
[WhiteTeamCountry "ESP"]
[BlackTeamCountry "ESP"]

{Lazy Pieces

Looking for targets is the most important of the good habits of masters. 
The
second most important is:
A master makes his pieces work harder.
Books and teachers are always telling novices: Put your pieces on good
squares and good things will happen to them. Even in a position that seems
quite
equal, getting a bishop, knight or rook to the right square can make a big
difference.} 
1. e4 c5 2. Nf3 e6 3. d4 cxd4 4. Nxd4 Nc6 5. Nc3 Qc7 6. Be3 a6 7. Qd2 Nf6 
8. O-O-O b5 9. Bf4 Ne5 10. Nf3 Nxf3 11. gxf3 Qc6 12. Rg1 Bb7 13. Kb1 Rc8 
14. a3 b4 15. axb4 Bxb4 16. Be5 Bf8 D {There is one White piece that has 
yet to be developed: the bishop at f1 .
Ideally, what's the best square for that bishop? 

Masters think like that. When you open up your mind that way you find
master-moves like} 17. Bc4! {The bishop is going to b3, a perfect square. 
It will not only protect the king
position by blocking the b-file but will also create a powerful threat of 
.Ba4 and
.Bxf6/.Bxd7+. In fact, after 1 . . . d6 the retreat 2 Bb3 ! followed by 
Ba4 would
win the game.
Of course, to play } 17. ... Qxc4 {White had to have an answer to} 18. 
Bxf6 {Masters get more out of their pieces. It's not because they have 
more pieces.
Or smarter pieces. They have the same pieces you have.
But they get theirs to work harder. A master isn't satisfied with a bishop
that
controls a nice diagonal or a rook that dominates an open file or a knight
that
occupies a central outpost. Their pieces have to do something, not just 
look
good.} 18. ... Bc6 19. Bxg7 Bxg7 20. Rxg7 Qc5 21. Qf4 ( 21. Rdg1 ) 21. ...
 Rf8 22. Rdg1 a5 23. Rxh7 a4 24. Rg8 Rxg8 25. Qxf7+ Kd8 26. Qxg8+ Kc7 27. 
Qxe6 a3 28. Qe7 Qc4 29. Qe5+ Kb7 30. bxa3 Ra8 31. Na2 Qf1+ 32. Kb2 Qxf2 
33. Qc3 Rc8 34. Nb4 Bb5 35. Qe5 Ba4 36. Qd5+ Kc7 37. Qa5+ Kb7 38. Qxa4 
Qd4+ 39. Ka2 1-0

[Event "Yerevan"]
[Site "Erevan ARM"]
[Date "1982.??.??"]
[Round "2"]
[White "Abramovic, Bosko"]
[Black "Savon, Vladimir A"]
[Result "0-1"]
[WhiteElo "2445"]
[BlackElo "2485"]
[EventDate "1982.??.??"]
[PlyCount "82"]
[EventType "tourn"]
[EventRounds "15"]
[EventCountry "URS"]
[EventCategory "9"]
[Source "ChessBase"]
[SourceDate "1999.07.01"]
[WhiteTeamCountry "YUG"]
[BlackTeamCountry "ITA"]

1. e4 c5 2. Nf3 d6 3. d4 cxd4 4. Nxd4 Nf6 5. Nc3 a6 6. Be2 e5 7. Nb3 Be7 
8. Bg5 Be6 9. Bxf6 Bxf6 10. Nd5 Nd7 11. O-O O-O 12. Bg4 Bg5 13. Bxe6 fxe6 
14. Nc3 Nb6 15. Na5 Qd7 16. Qe2 Rac8 17. Rad1 D {If you were to ask 
yourself, "Which is Black's best-placed piece" you might
answer "The bishop." It has a nice, clean diagonal. It denies White's 
heavy
pieces the use of squares such as d2 and e3.
But that's not enough. If you look for targets, your eyes should focus on 
the
other side of the board. What matters most to Black is the pawns at b2 and
c2.
They are targets and can come under fire after . . .Na4.} 17. ... Be7?! ( 
17. ... Na4 18. Nxa4 Qxa4 19. Nb3 Qxa2 {allows White to take off a more 
valuable pawn} 20. Qg4 ( 20. Rxd6 ) 20. ... Rxc2 21. Qxe6+ Rf7 22. Qe8+ 
Rf8 ) ( 17. ... Rc5 18. Nb3 Rc7 19. Qg4 h6 20. h4 Bf6 =+ ) 18. Rd3 ( 18. 
a3! Rf4 19. Qd3 d5 20. exd5 =+ exd5 21. g3 =+ Rd4 22. Qe2 ) 18. ... Na4! 
19. Nd1 ( 19. Rb1 Nxc3 20. bxc3 b5 21. Nb3 Rc4 22. Nd2 Ra4 ) 19. ... Qc7! 
D {One of the threats, . . . Qxa5 or . . . Qxc2, must succeed. With his 
queenside in
collapse, White threw himself into an attack,} 20. Qg4 -/+ {threatening 
Qxe6+. But he
eventually lost after} 20. ... Rf6 21. Rg3 Bf8 22. Nb3 Qxc2 23. Ne3 Qc7 
24. Qe2 Rf4 25. f3 Rf7 26. h4 Qb6 27. Kh2 Nc5 28. Ng4 Kh8 29. Qc4 Qb5 30. 
Qxb5 axb5 31. Rc1 Rfc7 32. Nf2 Nxb3 33. Rxc7 Rxc7 34. axb3 g6 35. Nd3 Bh6 
36. h5 Kg7 37. hxg6 hxg6 38. Kh3 Rc2 39. Kg4 Re2 40. b4 Kf6 41. Kh4 Rd2 
0-1

[Event "Munich ol (Men)"]
[Site "Munich GER"]
[Date "1936.08.28"]
[Round "16"]
[White "Stahlberg, Gideon"]
[Black "Keres, Paul"]
[Result "0-1"]
[WhiteElo "2546"]
[BlackElo "2549"]
[EventDate "1936.08.16"]
[PlyCount "94"]
[EventType "team"]
[EventRounds "21"]
[EventCountry "GER"]
[Source "ChessBase"]
[SourceDate "2000.11.22"]
[WhiteTeamCountry "YUG"]
[BlackTeamCountry "POL"]

1. d4 e6 2. e3 f5 3. Bd3 Nf6 4. Nd2 c5 5. Ngf3 Nc6 6. O-O b6 7. c3 Be7 8. 
e4 cxd4 9. cxd4 Nb4 10. Bb1 Ba6 11. Re1 Nd3 12. Bxd3 Bxd3 13. exf5 Bxf5 
14. Nc4 Rc8 15. Nce5 O-O 16. Bg5 Nd5 17. Bxe7 Qxe7 18. Qb3 D {Moving the 
Furniture

Because there are so few unoccupied and safe squares in a typical
middlegame, it stands to reason that the right square for one piece may be
unavailable because it belongs to another. To make his pieces work harder,
a master rearranges them. He 'moves the furniture around', often with
surprisingly strong effect.

Each of Black's pieces appears well-placed. His knight is splendidly
centralized and his bishop controls several key squares. His queen rook
commands the open file.
But Black realized that his pieces don't have targets. If his rook 
penetrated
on the file 1 . . .Rc2?, it walks into 2 g4 ! . His pieces look nice - but
they're lazy.
3} 18. ... Nf6 {Then White pawns come
under fire on both wings, at a2 and g2 and he can drive the White knight 
off e5
with . . . d6.
Things dido 't appear to change much after } ( 18. ... Rc2? 19. g4! ) ( 
18. ... Bc2! 19. Nc6!? Rxc6 ( 19. ... dxc6 20. Qxc2 ) 20. Qxd5 Bd3 =+ ) 
19. Rac1 Be4! {until White began
to search for a reply to Bd5!} 20. Ng5 Bd5 21. Qh3?! D ( 21. Qd3! Rxc1 22.
 Rxc1 d6 23. Ng4 g6 24. Ne3 = ) 21. ... Rxc1 ( 21. ... Bxa2 22. Ra1 Bd5 
23. Rxa7 -/+ Qb4 24. Nd3 Qd2 25. Qe3 Rc2 26. h3 Qxe3 27. Rxe3 b5 ) ( 
21. ... Qb4? 22. Nxd7 Nxd7 23. Qxh7# ) 22. Rxc1 h6! {kicked one of knights
back so that Black can get
the upper hand after} 23. Ng6 ( 23. Ngf3 Qb4 24. b3 d6 25. Nc4 Ne4 ) 
23. ... Qe8 24. Nxf8 hxg5 25. Rc7? ( 25. Nxd7! Qxd7 26. b3 ) 25. ... Qxf8 
26. Rxa7? D {Material is roughly equal.

But as often happens when the queens remain on the board, a rook is no
match for two minor pieces because the queen works more efficiently with a
knight or bishop than with a rook.} ( 26. Qa3 ) 26. ... Qb8?! ( 26. ... 
Bc6! 27. Qa3 Qb8 28. h3 g4 29. hxg4 Nxg4 30. g3 Qd8 31. f4 Qe8 32. Rc7 Qh5
33. Rc8+ Kh7 34. Qd3+ g6 35. Kf1 Qh2 --+ ) 27. Ra3 Qf4 28. Qe3 Qf5 29. Rc3
Qb1+ 30. Rc1 Qxb2 31. Qxg5 Qxa2 32. h4 Bc6 33. h5 Qxf2+ 34. Kxf2 Ne4+ 35. 
Ke3 Nxg5 36. g4 Kf7 37. Kf4 Kf6 38. Rc2 Nf3 39. Rf2 d6 40. g5+ Nxg5 41. 
Rb2 e5+ 42. dxe5+ dxe5+ 43. Ke3 b5 44. Rc2 Be8 45. Rf2+ Ke6 46. Rh2 Nf7 
47. Kd2 Nh6 0-1

[Event "Warsaw PlusGSM m"]
[Site "Warsaw POL"]
[Date "2003.04.07"]
[Round "1"]
[White "Karpov, Anatoly"]
[Black "Macieja, Bartlomiej"]
[Result "1-0"]
[WhiteElo "2686"]
[BlackElo "2634"]
[EventDate "2003.04.07"]
[PlyCount "94"]
[EventType "match (rapid)"]
[EventRounds "8"]
[EventCountry "POL"]
[Source "ChessBase"]
[SourceDate "2003.07.25"]
[WhiteTeamCountry "SVK"]
[BlackTeamCountry "SVK"]

1. d4 Nf6 2. c4 e6 3. Nc3 Bb4 4. Qc2 c5 5. dxc5 O-O 6. a3 Bxc5 7. Nf3 b6 
8. Bg5 Bb7 9. e3 Be7 10. Be2 a6 11. O-O h6 12. Bh4 d6 13. Rfd1 Qc7 14. 
Rac1 Nbd7 15. Bg3 Nh5 16. Bh4 Nhf6 17. Nd2 Ne5 18. Bg3 Rac8 19. h3 Rfd8 
20. Qb1 Qb8 21. b4 Qa8 22. Bf1 Ned7 23. Bh4 Re8 24. Qb2 Qa7 25. Bg3 d5 26.
 cxd5 Nxd5 27. Nce4 b5 28. Nd6 Bxd6 29. Bxd6 N7b6 30. Rxc8 Nxc8 31. Bc5 
Qb8 32. Nb3 Ncb6 D {Work it or Trade it

When you hear someone say that master chess is 'more concrete' , what they
mean is that variations trump appearances. Another illustration of that: 
If a piece
- even a good-looking one - isn't pulling its weight, a master looks for a
way to
get rid of it.

This had been a fairly even game until five moves before, when White 
forced
Black to give up his dark-squared bishop for a knight. White's bishop on 
c5
should give him a serious positional advantage.
But there's a limit to what the bishop can do. White realized that the 
easiest
way to make further progress was} 33. Bxb6! Nxb6 34. Nc5 Qa8 35. Qe5 Bc6 D
{Black seems to have everything covered - until White makes a full-board
search for targets. Then he notices g7 and finds} 36. Rd4! {Black doesn't 
have a good defense against 5 .:Rg4, which threatens Qxg7
mate and that prompts another weakness, such as 4 . . . f6 which can be 
punished
by Qg3 followed by .Rd6 or by .Bd3 / Qg6.
In the end Black desperately sought a trade of queens and lost the endgame
after} 36. ... Qb8 {In the end Black desperately sought a trade of queens 
and lost the endgame
after} 37. Qxb8 Rxb8 38. Nxa6 {Often, two good habits fit together to 
produce a good move or plan. Don't
be frightened by the word 'plan ' . A plan is usually just two or three 
useful moves
that fit together.} 38. ... Ra8 39. Rd6 Rc8 40. Nc5 Nd5 41. e4 Nf4 42. g3 
Ng6 43. f4 Kf8 44. e5 Ne7 45. Bg2 Bxg2 46. Kxg2 Ra8 47. Na6 Nd5 1-0

[Event "Bundesliga 0304"]
[Site "GER"]
[Date "2004.02.15"]
[Round "8.3"]
[White "Glek, Igor"]
[Black "Krivoshey, Sergei"]
[Result "0-1"]
[WhiteElo "2555"]
[BlackElo "2495"]
[EventDate "2003.11.01"]

1. e4 c5 2. Nf3 g6 3. c3 Bg7 4. d4 cxd4 5. cxd4 d5 6. exd5 Nf6 7. Bc4 O-O 
8. Nc3 Nbd7 9. O-O Nb6 10. Bb3 Nbxd5 11. Re1 b6 12. Ne5 Bb7 13. Qf3 Rc8 
14. Qh3 a6 15. Bg5 Rc7 16. Rac1 Nxc3 17. bxc3 b5 D {White has the usual 
kingside pressure that he enjoys in this kind of pawn
structure. His bishop and knight cooperate nicely against the target at 
f7.
But there's no way to aim another piece at f7. That suggests that either
White's bishop or knight isn't doing enough. For that reason he switched 
to} 18. Ng4! ( 18. Qd3 Nd5 19. Bd2 Bxe5 20. Rxe5 ) 18. ... Nxg4 ( 18. ... 
Nd5 19. Qg3 a5 20. a3 h5 21. Ne5 a4 22. Ba2 ) 19. Qxg4 Qc8 20. Qg3 e6 21. 
h4! Bd5 ( 21. ... h5 22. Bf4 Rd7 23. a4 Qc6 ) 22. Bxd5 exd5 23. h5 {One of
the best ways to train yourself to get more out of your pieces is - once
again - to reexamine your losses. When you lose a game positionally, or 
even
when you got mated, there was probably a piece (or pieces) that you
mishandled. After you resigned you may have concluded that you lost 
because
of, say, an opening mistake or getting a bad pawn structure. But there was
almost certainly a lazy piece that cost you. Take another look at those 
games.
If you' d prefer study material that is less of a threat to your ego, play
over
games of Bobby Fischer, Anatoly Karpov, Magnus Carlsen, Michael Adams or
one of the other grandmasters who rarely seem to have bad pieces - and
managed to skillfully dispense with them if they did.} 23. ... Rd7 24. h6 
Bh8 25. Be7 Re8 26. Qh4 Qc6 27. Bf6 Rd6 28. Bxh8 Kxh8 29. Re3 Rde6 30. 
Rce1 Re4 31. Rxe4 dxe4 32. Re3 Kg8 33. d5 Qxd5 34. Qf6 0-1